000 00608nam a2200205 a 4500
003 PILC
005 20150112093430.0
008 100716s19uu xx 00 eng d
020 _a0072314885
050 _aHB 171.5
_b.Sa25 2001
082 _aESF 330
_bSa4 2001
100 _aSamuelson, Paul A.
_910156
245 _aEconomics /
_c Paul A. Samuelson, William D. Nordhaus.
250 _a17th ed. ed.
260 _aNew York :
_bMcGraw-Hill Companies, Inc,
_c2001.
300 _a792 pages :
_billustration ;
_c26 cm.
650 _aEconomics
_97586
700 _aNordhaus, William D.
_99797
942 _2lcc
_cBK
999 _c14354
_d14354